00377nam a2200121Ia 4500008004100000024004300041082001700084100003500101245003500136260002500171600002100196650003800217250506s9999 xx 000 0 und d a12B-68-BS, 12B-129-BS & 12B-122-BS a005.1072 MUH aMuhammad Danish, Arsal & Humza 0aDivine Car Auction (code book) aKarachi:bUIT,c2012 aComputer Science aBachelor of Computer Science (BS)